000 01502cam a22003377i 4500
001 18780852
003 NUST
005 20221220165732.0
008 150914s2015 xxka b 001 0 eng d
010 _a 2014482571
015 _aGBB504040
_2bnb
016 7 _a017008908
_2Uk
020 _a9780241004975
_q(paperback)
020 _a0241004977
_q(paperback)
020 _z9780141979595
_q(ebook)
035 _a(OCoLC)ocn905482656
040 _aCDX
_beng
_cCDX
_erda
_dOCLCO
_dUKMGB
_dSINLB
_dYDXCP
_dNZFNP
_dOCLCQ
_dLTSCA
_dOCLCQ
_dCHVBK
_dOCLCF
_dDLC
042 _alccopycat
050 0 0 _aJF1351
_b.B268 2015
082 0 4 _a351,BAR
_223
100 1 _aBarber, Michael,
_d1955-
_eauthor.
_9105408
245 1 0 _aHow to run a government :
_bso that citizens benefit and taxpayers don't go crazy /
_cMichael Barber.
264 1 _aUK :
_bAllen Lane, an imprint of Penguin Books,
_c2015.
300 _axxvi, 336 pages :
_billustrations ;
_c24 cm
505 _aIntroduction (Page-xv), Priorities (Page-1), Organization (Page-26), Strategy (Page-60), Planning (Page-104), Routines (PAge-138), Problem-Solving (Page-182), Irreversibility (Page-220), (Other People's) Money (Page-251).
650 0 _aPublic administration.
_95690
650 0 _aPolitical science.
_9335
856 4 2 _3Contributor biographical information
_uhttp://www.loc.gov/catdir/enhancements/fy1602/2014482571-b.html
856 4 2 _3Publisher description
_uhttp://www.loc.gov/catdir/enhancements/fy1602/2014482571-d.html
942 _2ddc
_cBK
_k351,BAR
999 _c592746
_d592746